000 00316pam a2200133 a 4500
020 _c
041 _h
082 _a658.3
100 _aJAY (David )
_eauthor
245 _aThe Essential Personnel Source Book
_hTextual Document
260 _bPitman Publication London
_c1996
300 _aXXVII,289
930 _a10499
999 _c841257
_d841257